Quiz su Macao - Statistics

Statistiche generali
  • Questo quiz è stato fatto 17 volte
  • Il punteggio medio è 9 su 18
Statistiche sulle risposte
Definizione Risposta % Corretto
Macao è una dipendenza di questo Stato Cina
94%
Colonia di questo Paese fino al 1999 (ultima colonia europea in Asia) Portogallo
94%
Mare su cui si affaccia Mar Cinese Meridionale
88%
Portoghese
81%
Sport più popolare Calcio
75%
Lingue Ufficiali Mandarino
75%
Numero di Concelhos (suddivisione di primo livello) 2
69%
Numero di montagne a Macao 0
63%
L'economia dipende principalmente da questi due settori Turismo
63%
Cantonese
50%
A livello religioso, il 55% della popolazione è _____ Atea
44%
Macao è la regione più _________ _______ del mondo Densamente popolata
31%
Gioco d'azzardo
31%
Competizione automobilistica e motociclistica che si tiene ogni anno a Macao Gran Premio di Macao
25%
Ha il secondo (a pari merito) più basso tasso di _________ _________ al mondo, con 3/1000 abitanti Mortalità infantile
19%
Moneta Pataca
13%
Macao ha la seconda più alta ________ __ _____ al mondo Aspettativa di vita
6%
Suddivisione di secondo livello (al plurale) Freguesias
6%
Nessun quiz corrispondente trovato
Distribuzione punteggi
Percentuale di utenti per punteggio
Percentile per numero di risposta
I tuoi punteggi nel tempo
Non hai fatto questo quiz